Enciclopedia Camí. Curso completo de Primera Enseñanza conforme al orden cíclico. Grado Preparatorio
Gespeichert in:
| 1. Verfasser: | |
|---|---|
| Format: | keine Angabe |
| Sprache: | Spanisch |
| Erschienen: |
Barcelona, España
Imprenta Elzeveriana
1934
|
| Katalog: | MANES: Suchergebnis im Bibliothekskatalog |
| Schulbuchspezifische Eigenschaften: |
|
| Schlagworte: | |
| Tags: |
Tag hinzufügen
Keine Tags, Fügen Sie den ersten Tag hinzu!
|
| Hinzugefügt zu: | 26.04.2016 |
MARC
| LEADER | 000000000a22000000004500 | ||
|---|---|---|---|
| 001 | 13611 | ||
| 008 | 160427s sp ||||| |||| 00| 0 spa d | ||
| 040 | |a manes |c manes | ||
| 100 | 1 | |a Udina Cortiles, José |b Autor, Maestro Normal, Director de la Escuela Nacional de niños de la Casa Provincial de Caridad de Barcelona | |
| 245 | 0 | 0 | |a Enciclopedia Camí. Curso completo de Primera Enseñanza conforme al orden cíclico. Grado Preparatorio |
| 260 | |a Barcelona, España |b Imprenta Elzeveriana |c 1934 | ||
| 300 | |a 156 p. |c 19 x 13 cm | ||
| 500 | |a Editado en cartoné | ||
| 546 | |a España | ||
| 650 | 7 | |a Ciencias Naturales |a Educación Cívica y Social |a Escritura y Lectura |a Geografía |a Historia |a Lenguaje |a Matemáticas |a Religión y Moral | |
| 655 | 7 | |a Primaria | |
| 942 | |2 ddc |c BK | ||
| 999 | |c 48607 |d 48607 | ||
| 999 | |c manes:48607 |d 48607 | ||